Widok standardowy
Widok MARC
Pozycja Personal Name
Liczba rekordów, w których użyto hasła: 1
001 - Numer kontrolny
- control field: 39055
003 - Identyfikator numeru kontrolnego
- control field: NUKAT
005 - Data i czas ostatniej modyfikacji
- control field: 20260327121132.0
008 - Dane kontrolne kodowane (40 znaków)
- fixed length control field: 150410n||a|znnaabn |a aaa |c
010 ## - Numer kontrolny Biblioteki Kongresu
- numer kontrolny LC: n 2015138597
024 7# - OTHER STANDARD IDENTIFIER
- Standard number or code: 301442527
- Source of number or code: viaf
024 7# - OTHER STANDARD IDENTIFIER
- Standard number or code: 0000000408619377
- Source of number or code: isni
040 ## - Instytucja sporządzająca rekord
- inst. przygot. dane do rek. khw: SZCZ M/HS
- język haseł przedmiotowych/tezaurus: kaba
- inst. wprow. rek. khw: SZCZ M/HS
046 ## - Special dates
- Birth date: 1968
100 1# - Hasło - nazwa osobowa
- nazwa osobowa w formie ujednoliconej: Hahnkamp, Uwe
- daty biograficzne: (1968- ).
670 ## - Źródło informacji
- źródło informacji: Szlakiem gotyckich świątyń i muzyki organowej południowych Mazur / [red. Witold Twardzik]. - Pasym, 2015.
- gdzie znaleziono informację: Tł.
670 ## - Źródło informacji
- źródło informacji: Uwe Hahnkamp - Westfälische Wilhelms-Universität Münster, 10.04.2015
- adres internetowy: http://www.uni-muenster.de/Umweltforschung/uwe.html